<?xml version="1.0" encoding="UTF-8"?>
<record
    xmlns:xsi="http://www.w3.org/2001/XMLSchema-instance"
    xsi:schemaLocation="http://www.loc.gov/MARC21/slim http://www.loc.gov/standards/marcxml/schema/MARC21slim.xsd"
    xmlns="http://www.loc.gov/MARC21/slim">

  <leader>03175cam a22004331i 4500</leader>
  <datafield tag="999" ind1=" " ind2=" ">
    <subfield code="c">10359</subfield>
    <subfield code="d">10359</subfield>
  </datafield>
  <controlfield tag="001">383557</controlfield>
  <controlfield tag="003">OCoLC</controlfield>
  <controlfield tag="005">20210222173101.0</controlfield>
  <controlfield tag="008">790809t19581958miu      bd   001 0ceng  </controlfield>
  <datafield tag="010" ind1=" " ind2=" ">
    <subfield code="a">   58004616</subfield>
  </datafield>
  <datafield tag="020" ind1=" " ind2=" ">
    <subfield code="a">031028080X</subfield>
  </datafield>
  <datafield tag="020" ind1=" " ind2=" ">
    <subfield code="a">9780310280804</subfield>
  </datafield>
  <datafield tag="035" ind1=" " ind2=" ">
    <subfield code="a">(OCoLC)383557</subfield>
    <subfield code="z">(OCoLC)5194285</subfield>
    <subfield code="z">(OCoLC)975940418</subfield>
    <subfield code="z">(OCoLC)1065110154</subfield>
    <subfield code="z">(OCoLC)1078982171</subfield>
  </datafield>
  <datafield tag="040" ind1=" " ind2=" ">
    <subfield code="a">DLC</subfield>
    <subfield code="b">eng</subfield>
    <subfield code="e">rda</subfield>
    <subfield code="c">DLC</subfield>
    <subfield code="d">OCL</subfield>
    <subfield code="d">BTCTA</subfield>
    <subfield code="d">XBE</subfield>
    <subfield code="d">CIRBC</subfield>
    <subfield code="d">IBV</subfield>
    <subfield code="d">OCLCQ</subfield>
    <subfield code="d">OCLCF</subfield>
    <subfield code="d">CFT</subfield>
    <subfield code="d">OCLCO</subfield>
    <subfield code="d">IGR</subfield>
    <subfield code="d">DML</subfield>
    <subfield code="d">SGB</subfield>
    <subfield code="d">M@S</subfield>
    <subfield code="d">OCLCO</subfield>
    <subfield code="d">SJG</subfield>
    <subfield code="d">OCLCQ</subfield>
    <subfield code="d">OCLCO</subfield>
    <subfield code="d">EUQ</subfield>
    <subfield code="d">OCL</subfield>
    <subfield code="d">OCLCQ</subfield>
    <subfield code="d">OCL</subfield>
    <subfield code="d">PTS</subfield>
    <subfield code="d">ATCCC</subfield>
    <subfield code="d">QE2</subfield>
    <subfield code="d">LENOT</subfield>
    <subfield code="d">OCLCA</subfield>
    <subfield code="d">OCLCQ</subfield>
    <subfield code="d">OCLCO</subfield>
    <subfield code="d">CDP</subfield>
    <subfield code="d">CIRBC</subfield>
  </datafield>
  <datafield tag="050" ind1="0" ind2="0">
    <subfield code="a">BS570</subfield>
    <subfield code="b">L818A</subfield>
  </datafield>
  <datafield tag="082" ind1="0" ind2="0">
    <subfield code="a">220.92</subfield>
    <subfield code="b">L818A</subfield>
  </datafield>
  <datafield tag="092" ind1="0" ind2=" ">
    <subfield code="a">220.92</subfield>
    <subfield code="b">L818A</subfield>
  </datafield>
  <datafield tag="100" ind1="1" ind2=" ">
    <subfield code="a">Lockyer, Herbert,</subfield>
    <subfield code="e">author.</subfield>
  </datafield>
  <datafield tag="245" ind1="1" ind2="0">
    <subfield code="a">All the men of the Bible :</subfield>
    <subfield code="b">a portrait gallery and reference library of more than 3000 Biblical characters /</subfield>
    <subfield code="c">by Herbert Lockyer.</subfield>
  </datafield>
  <datafield tag="246" ind1="3" ind2="0">
    <subfield code="a">Men of the Bible</subfield>
  </datafield>
  <datafield tag="264" ind1=" " ind2="1">
    <subfield code="a">Grand Rapids, Michigan :</subfield>
    <subfield code="b">Zondervan Publishing House,</subfield>
    <subfield code="c">1958.</subfield>
  </datafield>
  <datafield tag="264" ind1=" " ind2="4">
    <subfield code="c">&#xA9;1958</subfield>
  </datafield>
  <datafield tag="300" ind1=" " ind2=" ">
    <subfield code="a">381 pages ;</subfield>
    <subfield code="c">24 cm</subfield>
  </datafield>
  <datafield tag="336" ind1=" " ind2=" ">
    <subfield code="a">text</subfield>
    <subfield code="b">txt</subfield>
    <subfield code="2">rdacontent</subfield>
  </datafield>
  <datafield tag="337" ind1=" " ind2=" ">
    <subfield code="a">unmediated</subfield>
    <subfield code="b">n</subfield>
    <subfield code="2">rdamedia</subfield>
  </datafield>
  <datafield tag="338" ind1=" " ind2=" ">
    <subfield code="a">volume</subfield>
    <subfield code="b">nc</subfield>
    <subfield code="2">rdacarrier</subfield>
  </datafield>
  <datafield tag="490" ind1="1" ind2=" ">
    <subfield code="a">"All" series</subfield>
  </datafield>
  <datafield tag="504" ind1=" " ind2=" ">
    <subfield code="a">Includes bibliographical references (pages 373-374) and index.</subfield>
  </datafield>
  <datafield tag="505" ind1="0" ind2=" ">
    <subfield code="a">The romantic history of Bible names -- The alphabetical order of all men named in the Bible -- The great host of unnamed Bible men -- The greatest of all Bible men, Jesus Christ -- Aaron -- Abel -- Abraham -- Absalom -- Achan -- Adam -- Agrippa -- Amos -- Ananias -- Andrew -- Barnabas -- Benjamin -- Cain -- Daniel -- David -- Eli -- Elijah -- Elisha -- Enoch -- Esau -- Ezekiel -- Ezra -- Felix -- Gideon -- Goliath -- Ham -- Herod -- Hezekiah -- Isaac -- Isaiah -- Jacob -- James -- Jephthah -- Jeremiah -- Jeroboam -- Joab -- Job -- John the Baptist -- John, the beloved disciple -- Jonah -- Jonathan -- Joseph (O.T.) -- Joseph (N.T.) -- Joseph of Arimathaea -- Joshua -- Judas -- Lazarus -- Lot -- Luke -- Mark -- Matthew -- Melchizedek -- Methuselah -- Moses -- Naaman -- Nehemiah -- Nicodemus -- Nimrod -- Noah -- Onesiphorus -- Paul -- Peter -- Pharaoh -- Philip -- Pontius Pilate -- Samson -- Samuel -- Simeon -- Solomon -- Stephen -- Thomas -- Timothy -- Zacchaeus.</subfield>
  </datafield>
  <datafield tag="520" ind1=" " ind2=" ">
    <subfield code="a">This unique source book on the subject of Bible characters is a monumental achievement to benefit Christians who want to have information on biblical characters at their finger-tips. The Bible contains more than three thousand named men, all of whom are dealt with in this book. The many thousands of unnamed men are also classified. Included in this book is a guide to the pronunciation of all the names. -- www.christianbook.com (review for the 1988 edition of this title).</subfield>
  </datafield>
  <datafield tag="630" ind1="0" ind2="0">
    <subfield code="a">Bible</subfield>
    <subfield code="v">Biography</subfield>
    <subfield code="v">Dictionaries.</subfield>
  </datafield>
  <datafield tag="650" ind1=" " ind2="0">
    <subfield code="a">Men in the Bible</subfield>
    <subfield code="v">Biography</subfield>
    <subfield code="v">Dictionaries.</subfield>
  </datafield>
  <datafield tag="655" ind1=" " ind2="7">
    <subfield code="a">Biography.</subfield>
    <subfield code="2">fast</subfield>
    <subfield code="0">(OCoLC)fst01423686</subfield>
  </datafield>
  <datafield tag="655" ind1=" " ind2="7">
    <subfield code="a">Dictionaries.</subfield>
    <subfield code="2">fast</subfield>
    <subfield code="0">(OCoLC)fst01423826</subfield>
  </datafield>
  <datafield tag="655" ind1=" " ind2="7">
    <subfield code="a">Biographies.</subfield>
    <subfield code="2">lcgft</subfield>
  </datafield>
  <datafield tag="776" ind1="0" ind2="8">
    <subfield code="i">Online version:</subfield>
    <subfield code="a">Lockyer, Herbert.</subfield>
    <subfield code="t">All the men of the Bible.</subfield>
    <subfield code="d">Grand Rapids, Zondervan Pub. House [1958]</subfield>
    <subfield code="w">(OCoLC)756417453</subfield>
  </datafield>
  <datafield tag="830" ind1=" " ind2="0">
    <subfield code="a">ALL (Series)</subfield>
  </datafield>
  <datafield tag="942" ind1=" " ind2=" ">
    <subfield code="2">ddc</subfield>
    <subfield code="c">BK</subfield>
  </datafield>
  <datafield tag="952" ind1=" " ind2=" ">
    <subfield code="0">0</subfield>
    <subfield code="1">0</subfield>
    <subfield code="2">ddc</subfield>
    <subfield code="4">0</subfield>
    <subfield code="7">1</subfield>
    <subfield code="8">REF</subfield>
    <subfield code="a">HMC</subfield>
    <subfield code="b">HMC</subfield>
    <subfield code="c">REF</subfield>
    <subfield code="d">2021-02-23</subfield>
    <subfield code="l">0</subfield>
    <subfield code="o">REF 220.92 L818A</subfield>
    <subfield code="p">011959</subfield>
    <subfield code="r">2021-02-23 00:00:00</subfield>
    <subfield code="w">2021-02-23</subfield>
    <subfield code="y">REF</subfield>
  </datafield>
</record>
